Entrainement culture - La Guerre d'Algérie - Statistiques

Statistiques générales
  • Ce quiz a été pris 91 fois
  • Le résultat moyen est 8 sur 15
Statistiques - réponses
Question Réponse % Correct
De quand à quand s'est déroulée la Guerre d'Algérie ? (mettre un "-" entre les dates) 1954-1962
97%
Quel Parti politique algérien dirige la demande d'indépendance ? FLN
92%
Quel est le nom des accords mettant fin à la Guerre ? Accords d'Evian
75%
EN 1958, quel homme politique est appelé au pouvoir pour préserver l'Algérie Française ? Charles De Gaulle
70%
Comment appelles t'on les français qui se sont installés en Algérie suite à la colonisation ? Pieds Noirs
70%
Quel président français reconnait en 2012 la "répression sanglante" ayant eu lieu à Paris en 1961 contre les manifestants pacifiques algériens ? François Hollande
62%
Comment sont appelés les Algériens ayant combattu pour la France ? Harkis
61%
Quelle célèbre phrase De Gaulle à t'il dit lors de son Discours du 4 juin 1958 ? Je vous ai compris
54%
Quel est le surnom donné au 1er novembre 1954 où le FLN lança sa série d'attentat et de sabotages ? La Toussaint Rouge
53%
Suite au référendum de 1959, quelle orgnasiation pro-algérie française est crée et commet des tentatives d'assassinat sur De Gaulle ? OAS
47%
Quelle est la date exacte de l'indépendance Algérienne ? 5 Juillet 1962
38%
Quel Roi ordonne une expédition militaire à Alger en 1830, qui résultera en la création de la colonie française d'Algérie ? Charles X
29%
Quel est le nom donné au coup d'état militaire organisé par les généraux français en Algérie contre l'indépendance de l'Algérie ? Putsch des Généraux
26%
Quel événement majeur de l'Histoire française à lieu en 1958 lorsque De Gaulle accède au Pouvoir ? La naissance de la 5ème République
13%
En 1959, De Gaulle demande par référendum au peuple français et algérien si ils veulent ou non l'indépendance de l'Algérie. Comment appelle t'il cela ? Le droit à l'autodétermination
1%
Aucun quiz correspondant
Distribution des résultats
% des personnes avec chaque résultat
Percentile par nombre de réponses
Votre historique - résultats
Vous n’avez pas pris ce quiz